000 00382nam a2200145Ia 4500
008 240729s9999 xx 000 0 und d
022 _a2813-0146
245 0 _aFrontiers in Health Services
260 _aSwitzerland
260 _bFrontiers Media S.A.
650 _aMedicine
856 _uhttps://doaj.org/toc/81a53c92d4914911850f6f70b1966e29
942 _2ddc
942 _cDOAJEJ
999 _c67956
_d67956
945 _a1
_bMadushi Gamage
_c1
_dMadushi Gamage